00542nam a22001697a 450000500170000001000150001702000110003203500130004303700130005608200130006910000190008224501080010126000430020927000590025230000210031150000400033220140421121420.0 aENG-109210 c125.00 aEN-92743 bDBAD/PUB a335.4309 aArun Kumar,R.  aTryst with socialism :cby R. Arun Kumarba peek into the history of international communist movement / aHyderabadbPrajasakti Book Housec2013 aM.H. Bhavan, Plot No.21/1, AzamabadbHyderabade500020 a150p.c22cm(pbk) aIncludes bibliographical references